Les ultimes de League of Legends - Statistiques

Statistiques générales
  • Ce quiz a été pris 77 fois
  • Le résultat moyen est 54 sur 171
Statistiques - réponses
Ultime Champion % Correct
Rafale de plumes Xayah
100%
Royaume des morts Mordekaiser
91%
Festin Cho'Gath
75%
Gnar ! Gnar
66%
Super roquette de la mort ! Jinx
66%
Raz-de-marée Nami
66%
Malédiction d'Amumu Amumu
63%
Flèche de cristal enchantée Ashe
63%
Appel du Dieu de la Forge Ornn
63%
Invocation : Tibbers Annie
61%
Guillotine Noxienne Darius
61%
Justice de Demacia Garen
61%
Repos d'Agneau Kindred
61%
Forme arachnéenne Elise
59%
Vol du dragon Shyvana
59%
Méga bombe infernale Ziggs
59%
Ronces étrangleuses Zyra
59%
Étoile finale / Apocalypse Aurelion Sol
57%
Regard de la Méduse Cassiopeia
57%
Éruption solaire Leona
57%
Aspect du couguar Nidalee
57%
Mamaaan ! Smolder
57%
Attraction lunaire Diana
55%
Fût explosif Gragas
55%
Marguerite ! Ivern
55%
Chat-pitre final Yuumi
55%
Tir chirurgical Caitlyn
54%
Chronofracture Ekko
54%
Mantra Karma
54%
Tombeau polaire Lissandra
54%
Barrage de plomb Miss Fortune
54%
Ragnarök Olaf
52%
Tempête glaciale Anivia
50%
Pêche au gros Fizz
50%
Canon Mercury / Marteau Mercury Jayce
50%
Mur de la tisseuse Taliyah
50%
Peste sanguine Vladimir
50%
Garde circulaire Xin Zhao
50%
Boing ! Zac
50%
Arc térébrant Ezreal
48%
Rappel de rideau Jhin
48%
Chaaaaaaaargez !!! Kled
48%
Paranoïa Nocturne
48%
Partition impériale Azir
46%
Pyrolyse Brand
46%
Fissure glaciale Braum
45%
Chasseur-né Rengar
45%
Portail transdimentionnel Ryze
45%
Douce berceuse Lillia
43%
Rush du Néant Rek'Sai
43%
Lame de l'exilée Riven
43%
Amélioration ! Heimerdinger
39%
Requiem Karthus
39%
Jugement divin Kayle
39%
Fureur des sables Nasus
39%
Grenade ASM Nautilus
38%
Rage inépuisable Tryndamere
38%
Retour temporel Zilean
38%
Rafale de corbeaux Fiddlesticks
36%
Déluge de balles Lucian
36%
Ordre : Onde de choc Orianna
36%
Dominus Renekton
36%
Le clou du spectacle Sett
36%
Piège nocif Teemo
36%
Désintégrateur de formes de vie Vel'Koz
36%
Éruption électrique Zeri
36%
Entre les mondes Aurora
34%
Éclat final Lux
34%
Tempête arcanique Viktor
34%
Marque de la mort Zed
34%
Bond dimensionnel Zoé
34%
Ultimatum Hextech Camille
32%
Croissance prodigieuse Lulu
32%
Chaînes spirituelles Morgana
32%
Exécution abyssale Pyke
32%
Prison de glace Sejuani
32%
Potion de démence Singed
32%
Crescendo Sona
32%
Faiseuse de veuves Evelynn
30%
Légion des ombres Hecarim
30%
Maelström Kennen
30%
Poigne du Néant Malzahar
30%
Tempête magnétique Rell
30%
La Cage Thresh
30%
Exécution publique Ambessa
29%
Veille au clair de lune Aphelios
29%
Dosage maximal Dr. Mundo
29%
Tir de barrage Gangplank
29%
Emprise de la nature Maokai
29%
Flammes vitales Milio
29%
Gâchette infernale Samira
29%
Souhait Soraka
29%
Dévoration Tahm Kench
29%
Chaîne corruptrice Varus
29%
Entrée héroïque Galio
27%
Mousson Janna
27%
Maître d'armes Jax
27%
Soutien indéféctible Shen
27%
Cœur brisé Viego
27%
Fossoyeur des mondes Aatrox
25%
Volonté de fer Alistar
25%
Cataclysme Jarvan IV
25%
Rage du dragon Lee Sin
25%
Zéro absolu Nunu & Willump
25%
Danse ultime Rakan
25%
Hallucination Shaco
25%
Assaut spirituel Ahri
23%
Destin tempéré Bard
23%
Défi suprême Fiora
23%
Assaut du Néant Kha'Zix
23%
Artillerie vivante Kog'Maw
23%
Éradication Rumble
23%
Instinct meurtrier Kai'Sa
21%
Soumission Trundle
21%
Destinée Twisted Fate
21%
Mise en demeure Vi
21%
Tempête incarnée Volibear
21%
Élégie des îles Yorick
21%
Lotus mortel Katarina
20%
Imitation LeBlanc
20%
Verdict de la Gardienne Poppy
20%
Assaut inarrêtable Sion
20%
Incarnation démoniaque Swain
20%
Déchaînement de puissance Syndra
18%
Rite arcanique Xerath
18%
Destin scellé Yone
18%
Météore Pantheon
16%
Prise de contrôle hostile Renata Glasc
16%
Dégâts collatéraux Graves
14%
Highlander Maître Yi
14%
Floraison renversante Neeko
14%
En territoire ennemi Quinn
14%
En chasse Sivir
14%
Empalement Skarner
14%
Assaut ténébreux Talon
14%
Tempête spirituelle Udyr
14%
Dernier soupir Yasuo
14%
Vision de désespoir Hwei
13%
Appel du destin Kalista
13%
Intrusion obscure Kayn
13%
Détournement Sylas
13%
Déferlement d'Ombre Vex
13%
Cyclone Wukong
13%
Champ de stase Blitzcrank
11%
Piqûre Gwen
11%
Grand jeu K'Sante
11%
Éclipse dorée Mel
11%
Hallali Naafiri
11%
Bis Séraphine
11%
Transe Yunara
11%
Fissure Kassadin
9%
Apothéose Nilah
9%
Lumière cosmique Taric
9%
Panique Twitch
9%
Explosion primordiale Veigar
9%
Banquet infini Bel'Veth
7%
Volée mortelle Draven
7%
Force indomptable Malphite
7%
Tour de force suprême Qiyana
7%
Règne de la terreur Urgot
7%
Barrage de projectiles Corki
5%
Acte de foi Illaoi
5%
Pointe de l'avant-garde Irelia
5%
Frappe ascendante Rammus
5%
Tir à impact Tristana
5%
Contrainte infinie Warwick
5%
Maîtrise absolue Akali
4%
Bien mérité ! Akshan
4%
Ténèbres aveuglantes Senna
4%
Combat ultime Vayne
4%
Vol mortel Briar
2%
Aucun quiz correspondant
Distribution des résultats
% des personnes avec chaque résultat
Percentile par nombre de réponses
Votre historique - résultats
Vous n’avez pas pris ce quiz